00580nam a2200169 i 450000100060000000300090000600500170001500700030003200800410003510000190007624501700009526000380026530000300030360000330033370000230036685200210038989698ES-MaACL20230906180241.0t|050112s1932 xxk ||||1| eng d1 aLawrence, Ada.10aYoung Lorenzo b: early life of D.H. Lawrence containing hitherto unpublished letters, articles and reproductions of pictures / cby Ada Lawrence & G. Stuart Gelder. aLondon : bMartin Secker, c1932. a218 p. : bil. ; c19 cm.14aLawrence, D.H. (d1885-1930)1 aGelder, G. Stuart. aES-MaACLjA-2861